Пространства состояний с индефинитной метрикой в квантовой теории поля: пер. с англ.

Detaylı Bibliyografya
Yazar: Надь К.
Dil:Rusça
Baskı/Yayın Bilgisi: Москва, Мир, 1969
Seri Bilgileri:Библиотека сборника "Математика"
Konular:
Materyal Türü: Kitap
KOHA link:https://koha.lib.tpu.ru/cgi-bin/koha/opac-detail.pl?biblionumber=250811

MARC

LEADER 00000nam0a2200000 4500
001 250811
005 20231101232611.0
035 |a (RuTPU)RU\TPU\book\273039 
090 |a 250811 
100 |a 20140217d1969 k y0rusy50 ca 
101 1 |a rus  |c eng 
102 |a RU 
105 |a y z 001zy 
200 1 |a Пространства состояний с индефинитной метрикой в квантовой теории поля  |e пер. с англ.  |f К. Надь 
210 |a Москва  |c Мир  |d 1969 
215 |a 136 с.  |c ил. 
225 1 |a Библиотека сборника "Математика" 
320 |a Библиогр.: с. 128-132. 
320 |a Указатель: с. 
606 1 |a Квантовая теория поля  |2 stltpush  |3 (RuTPU)RU\TPU\subj\14222  |9 40678 
610 1 |a векторное пространство 
610 1 |a операторы 
610 1 |a осцилляторы 
610 1 |a модели 
610 1 |a теории 
610 1 |a интерпретация 
610 1 |a аксиоматические методы 
675 |a 530.145  |v 3 
700 1 |a Надь  |b К. 
801 1 |a RU  |b 63413507  |c 20140217 
801 2 |a RU  |b 63413507  |c 20210126  |g RCR 
942 |c BK